CFB teams with blue in their logos - Statistics

General Stats
  • This quiz has been taken 75 times
  • The average score is 26 of 47
Answer Stats
Conference Answer % Correct
ACC Duke
83%
ACC North Carolina
82%
SEC Kentucky
79%
INDEPENDENTS Notre Dame
79%
SEC Florida
76%
BIG10 Michigan
74%
INDEPENDENTS UCONN
74%
SEC Ole miss
71%
BIG10 UCLA
71%
MWC Boise state
68%
BIG12 Kansas
68%
BIG10 Penn St
68%
BIG12 BYU
65%
MAC Kent St
64%
ACC California
61%
BIG12 Arizona
59%
SEC Auburn
59%
ACC SMU
58%
AAC Navy
56%
AAC Memphis
55%
AAC Tulane
55%
BIG12 West Virginia
55%
MWC Utah St
53%
ACC Pittsburgh
52%
MWC Air Force
50%
MAC Buffalo
50%
ACC Georgia Tech
48%
AAC FAU
47%
CUSA UTEP
45%
CUSA Liberty
44%
CUSA Middle Tennessee St
44%
MWC Nevada
44%
SBC Coastal Carolina
42%
CUSA FIU
42%
CUSA Louisiana Tech
42%
MWC San Jose St
42%
AAC Tulsa
42%
AAC UTSA
42%
MAC Akron
41%
CUSA Delaware
41%
SBC Georgia Southern
41%
SBC Georgia State
39%
SBC Old Dominion
39%
SBC South Alabama
39%
MAC Toledo
39%
MWC Fresno St
36%
AAC Rice
36%
No matching quizzes found
Score Distribution
Percent of People with Each Score
Percentile by Number Answered
Your Score History
You have not taken this quiz